000
00337nam a2200145Ia 4500
100
_a
Gear/C.W
942
_c
BK
654
_a
Computer Organization & Programming
245
_a
Computer Organization And Programming
260
_b
McGraw Hill
_a
New York
_c
1985
082
_a
1.6
_b
Gea
300
_a
414
546
_a
ENGLISH
999
_c
32655
_d
32655